T R A P S O U L - Bryson Tiller - Statistics

General Stats
  • This quiz has been taken 10 times
  • The average score is 6 of 14
Answer Stats
Songs Plays Artists % Correct
Don't 1,784,565,762 Bryson Tiller
100%
Exchange 1,281,870,398 Bryson Tiller
67%
Let Em' Know 379,665,828 Bryson Tiller
67%
Right My Wrongs 765,418,654 Bryson Tiller
56%
Been That Way 154,129,841 Bryson Tiller
44%
Intro (Difference) 42,217,485 Bryson Tiller
44%
Overtime 136,912,177 Bryson Tiller
44%
Rambo (Last Blood) 26,985,706 Bryson Tiller, The Weeknd
44%
Sorry Not Sorry 285,236,750 Bryson Tiller
44%
For However Long 80,399,698 Bryson Tiller
33%
502 Come Up 66,326,942 Bryson Tiller
22%
Open Interlude 62,692,590 Bryson Tiller
22%
Ten Nine Fourteen 41,739,825 Bryson Tiller
22%
The Sequence 53,703,031 Bryson Tiller
22%
No matching quizzes found
Score Distribution
Percent of People with Each Score
Percentile by Number Answered
Your Score History
You have not taken this quiz